Statistics for First Three Pokémon by Letter

Click here to take the quiz!

General Stats

  • This quiz has been taken 117 times
    (72 since last reset)
  • The average score is 17 of 78

Answer Stats

HintAnswer% Correct
AAbra
93%
AAbomasnow
48%
XXatu
48%
XXerneas
45%
AAbsol
43%
MMachoke
36%
MMachop
36%
MMachamp
34%
NNatu
34%
CCacnea
32%
BBanette
30%
CCacturne
30%
YYanma
30%
ZZangoose
30%
BBagon
27%
BBaltoy
27%
DDarkrai
27%
JJangmo-o
27%
WWailmer
27%
WWailord
27%
DDarmanitan
25%
KKadabra
25%
QQuagsire
25%
SSalamence
25%
EEelektrik
23%
EEelektross
23%
EEevee
23%
GGalvantula
23%
HHariyama
23%
KKabuto
23%
QQuaxly
23%
SSableye
23%
UUnfezant
23%
YYamper
23%
GGabite
20%
GGallade
20%
KKabutops
20%
PPachirisu
20%
UUmbreon
20%
DDartrix
18%
JJigglypuff
18%
OOctillery
18%
XXurkitree
18%
YYamask
18%
FFalinks
16%
HHappiny
16%
LLairon
16%
OObstagoon
16%
PPalossand
16%
RRaboot
16%
SSalandit
16%
TTangela
16%
VVanillish
16%
VVanillite
16%
VVanilluxe
16%
HHakamo-o
14%
LLampent
14%
PPalkia
14%
WWalrein
14%
CCalyrex
11%
IIgglybuff
11%
JJellicent
11%
OOddish
11%
RRaichu
11%
UUnown
11%
ZZacian
11%
ZZamazenta
11%
FFarfetch’d
9%
FFarigiraf
9%
IImpidimp
9%
LLandorus
9%
NNaganadel
9%
NNecrozma
9%
TTaillow
9%
RRaikou
7%
TTalonflame
7%
IIllumise
5%
QQuilladin
5%

Score Distribution

Percentile by Number Answered

Percent of People with Each Score

Your Score History

You have not taken this quiz since the last reset